Score 0/11 Timer 04:00
0 Plays Today
Series:Episodes % Correct
1:6-7One Day A Lemming Will Fly
100%
2:1-3To Be A Somebody
100%
3:6-7True Romance
100%
1:1-2The Mad Woman In The Attic
66.7%
1:3-5To Say I Love You
66.7%
2:4-6The Big Crunch
66.7%
2:7-9Men Should Weep
66.7%
3:1-3Brotherly Love
66.7%
5:1Nine Eleven
66.7%
3:4-5Best Boys
33.3%
4:1White Ghost
33.3%
Remove Ads.
Support Sporcle.
Get the best of Sporcle when you Go Orange. This ad-free experience offers more features, more stats, and more fun while also helping to support Sporcle. Thank you for becoming a member.

You're not logged in!

Compare scores with friends on all Sporcle quizzes.
OR
Log In

Sporcle TV

Today on Sporcle TV


Watch our educational content, quiz creation guides, and fun videos on Sporcle TV.

Show Comments

Extras

Top Quizzes Today


Score Distribution

Paid Content

Your Account Isn't Verified!

In order to create a playlist on Sporcle, you need to verify the email address you used during registration. Go to your Sporcle Settings to finish the process.

Report this User

Report this user for behavior that violates our Community Guidelines.

Details: